000 00783pam a2200253 i 4500
001 4155088
003 OSt
005 20160722170334.0
008 780809s1979 mdua b 001 0 eng
010 _a 78012703
020 _a068300476X
040 _aDLC
_cDLC
_dDLC
082 _aQY 7
_bB31t 1979
100 1 _aBatsakis, John G.
_910392
245 1 0 _aTumors of the head and neck :
_bclinical and pathological considerations /
_cJohn G. Batsakis.
250 _a2d ed.
260 _aBaltimore :
_bWilliams & Wilkins,
_c1979.
300 _ax, 573 p. :
_bill. ;
_c26 cm.
504 _aIncludes bibliographical references and index.
650 0 _aHead
_xTumors.
_910393
650 0 _aNeck
_xTumors.
_910394
906 _a7
_bcbc
_corignew
_d1
_eocip
_f19
_gy-gencatlg
942 _2z
_cO_SHELF
999 _c4844
_d4844